Central Library OPAC University of Rajshahi

Application of Complex lifetime models for analysis of product reliability Data / (Record no. 79396)

MARC details
000 -LEADER
fixed length control field 01207nam a2200325 a 4500
001 - CONTROL NUMBER
RUCL Control Number 79396
003 - CONTROL NUMBER IDENTIFIER
rucl marc code BD-RjUL
005 - DATE AND TIME OF LATEST TRANSACTION
control field 20220602102822.0
008 - FIXED-LENGTH DATA ELEMENTS--GENERAL INFORMATION
fixed length control field 220216s2016 bg a|||| m||| 00| 0 eng d
035 ## - SYSTEM CONTROL NUMBER
system control number (BD-RjUL)79396
040 ## - CATALOGING SOURCE
Original cataloging agency BD-RjUL
Language of cataloging eng
Transcribing agency BD-RjUL
Modifying agency BD-RjUL
041 ## - LANGUAGE CODE
Language code of Book eng
082 ## - DEWEY DECIMAL CLASSIFICATION NUMBER
Classification number 620.00452
Author mark and Year RUA 2016
DDC Edition number 23
100 ## - MAIN ENTRY--PERSONAL NAME
Personal name Ruhi, Sabba
9 (RLIN) 1381
245 ## - TITLE STATEMENT
Title Application of Complex lifetime models for analysis of product reliability Data /
Statement of responsibility, etc By Sabba Ruhi ;
Name of Supervisor/Co-Supervisor Supervisor: Md. Rezaul Karim
260 ## - PUBLICATION, DISTRIBUTION, ETC. (IMPRINT)
Place of publication, distribution, etc Rajshahi :
Name of publisher, distributor, etc Department of Statistics, University of Rajshahi,
Date of publication, distribution, etc 2016
300 ## - PHYSICAL DESCRIPTION
Pagination x, 124 Leaves :
Other physical details ill. ;
Dimensions 30 cm.
502 ## - DISSERTATION NOTE
Dissertation note Thesis (Ph. D.) -- Department of Statistics, University of Rajshahi, 2016
504 ## - BIBLIOGRAPHY, ETC. NOTE
Bibliography, etc Reference : Leaves [118] - 124
650 ## - SUBJECT ADDED ENTRY--TOPICAL TERM
Topical term or geographic name as entry element Reliability (Engineering)
General subdivision Statistical methods
9 (RLIN) 1382
Topical term or geographic name as entry element Reliability (Engineering)
General subdivision Data processing
9 (RLIN) 1383
Topical term or geographic name as entry element Product life cycle.
9 (RLIN) 3362
Topical term or geographic name as entry element Product rliability
9 (RLIN) 3363
Topical term or geographic name as entry element .EM algorithm
9 (RLIN) 3364
Topical term or geographic name as entry element Mixture model
9 (RLIN) 3365
Topical term or geographic name as entry element Competing risk model
9 (RLIN) 3366
Topical term or geographic name as entry element Simulation
9 (RLIN) 3367
700 ## - ADDED ENTRY--SUPERVISOR/CO-SUPERVISOR NAME
Personal name Karim, Md. Rezaul, Supervisor
9 (RLIN) 1384
942 ## - ADDED ENTRY ELEMENTS (KOHA)
Source of classification or shelving scheme Dewey Decimal Classification
Koha item type Theses
Holdings
Source of classification or shelving scheme Damaged status Not for loan Collection code Permanent Location Current Location Shelving location Date of accession Source of acquisition Total Checkouts Full call number Barcode Date last seen Copy number Thesis
Dewey Decimal Classification   Not For Loan Theses Central Library, University of Rajshahi Central Library, University of Rajshahi Documentation Section 03/04/2017 Controller of Exam., R. U.   THE 620.00452 RUA 2016 D4033 16/02/2022 C-1 Theses